000
00307nam a22001337a 4500
008
190129b xxu||||| |||| 00| 0 eng d
020
_a
9780321408747
041
_a
eng
080
_2
5th
_a
371
100
_a
46
101
_a
EDU
245
_a
Breaking Through College Reading
_c
Smith,B.D
942
_2
udc
_c
BK
999
_c
53831
_d
53831